Oxford Colleges Quiz Stats

 Plays Quiz Updated Oct 10, 2019

Score 0/38 Timer 08:00
0 Plays Today
Foundation College % Correct
1546Christ Church
79.8%
1458Magdalen College
77.5%
1263Balliol College
76.6%
1571Jesus College
76.5%
1554Trinity College
73.7%
1379New College
73.4%
1555St John's College
72.9%
1517Corpus Christi College
71.1%
1249University College
68.7%
1509Brasenose College
67.9%
1326Oriel College
65.4%
1264Merton College
65.3%
1341The Queen's College
64.4%
1963St Catherine's College
64.1%
1893St Hilda's College
63.8%
1314Exeter College
62.9%
1624Pembroke College
62.7%
1870Keble College
62.4%
1878St Anne's College
62.1%
Foundation College % Correct
1714Worcester College
61.5%
1438All Souls College
60.7%
1427Lincoln College
60.1%
1610Wadham College
59.5%
1929St Peter's College
57.3%
1886St Hugh's College
56.7%
1878Lady Margaret Hall
55.7%
1282Hertford College
55.6%
1226St Edmund Hall
52.8%
1879Somerville College
50.7%
1886Mansfield College
48.7%
1990Kellogg College
47.3%
1966Wolfson College
46.1%
2008Green Templeton College
45.6%
1786Harris Manchester College
45.6%
1937Nuffield College
44.8%
1962Linacre College
42.4%
1965St Cross College
38.9%
1950St Antony's College
38%

You're not logged in!

Compare scores with friends on all Sporcle quizzes.
OR
Log In

Sporcle TV

Today on Sporcle TV


Watch our educational content, quiz creation guides, and fun videos on Sporcle TV.

Show Comments

Extras

Top Quizzes Today


Score Distribution

Your Account Isn't Verified!

In order to create a playlist on Sporcle, you need to verify the email address you used during registration. Go to your Sporcle Settings to finish the process.

Report this User

Report this user for behavior that violates our Community Guidelines.

Details: